| 000 | 00710nam a22002417a 4500 | ||
|---|---|---|---|
| 005 | 20170124110104.0 | ||
| 010 | _aA-991575 | ||
| 020 |
_c00.00 _a8176481327 |
||
| 035 | _aA-991575 | ||
| 037 | _bCen Lib/Ret | ||
| 040 |
_aDPL _bEN |
||
| 082 |
_a921 _bCHI |
||
| 100 |
_aM. G. Chitkara _927803 |
||
| 245 |
_aA Karma-Yogi politician / _cby M. G. Chitkara |
||
| 250 | _arev. ed | ||
| 260 |
_aNew Delhi _bA. P. H. Publishing Corporation _c2000 |
||
| 270 |
_bNew Delhi _a5, Ansari Road, Darya Ganj _e110002 |
||
| 300 |
_axiviii,275p. : _c21cm(Hb) _bcol.ill. |
||
| 500 | _aIncludes index | ||
| 650 |
_aPolitical science _972739 |
||
| 650 |
_aPoliticians _99392 |
||
| 942 |
_2ddc _cEN _h921 _mCHI |
||
| 999 |
_c129925 _d129925 |
||